• 首页
  • 本馆介绍
  • 公告通知
  • 最新文献
  • 馆藏检索
  • 电子资源
  • 读者导购
  • 参考咨询
  • 我的图书馆
  • 登录
  • 详细信息显示
  • 放入我的书架
  • 预约/预借图书
  • 作者相关作品
  • 分类相关作品
  • 丛书相关作品
  • 出版社相关作品

书目信息

  • 表格格式
  • 工作单格式
  • 卡片格式
题名:
幼儿教育课件制作
    
 
作者: 王建民 主编
分册:  
出版信息: 杭州   浙江工商大学出版社  2016
页数: 178页
开本: 26cm
丛书名: 全国学前教育专业 (新课程标准) 精品教材
单 册:
中图分类: G436
科图分类:
主题词: 学前教育--xue qian jiao yu--多媒体课件--制作--教材
电子资源:
ISBN: 978-7-5178-1721-5
000 01079nam 2200277 45
001 012001003988
005 20130127153523.0
010    @a978-7-5178-1721-5@dCNY30.00
099    @aCAL 012016125236
100    @a20161011d2016 em y0chiy50 ea
101 0  @achi
102    @aCN@b330000
105    @aa a 000yy
106    @ar
200 1  @a幼儿教育课件制作@Ayou er jiao yu ke jian zhi zuo@f主编王建民
210    @a杭州@c浙江工商大学出版社@d2016
215    @a178页@c图@d26cm
225 2  @a全国学前教育专业 (新课程标准) 精品教材@Aquan guo xue qian jiao yu zhuan ye ( xin ke cheng biao zhun ) jing pin jiao cai
320    @a有书目
330    @a本书主要介绍PhotoShop CS5、Premiere Pro CS5、PowerPoint2003、Flash CS4等软件的操作使用方法。全书共分六章, 主要有多媒体课件制作基础知识 ; 图像处理软件Photoshop等内容。
410  0 @12001 @a全国学前教育专业 (新课程标准) 精品教材
606 0  @a学前教育@Axue qian jiao yu@x多媒体课件@x制作@j教材
690    @aG436@v5
701  0 @a王建民@Awang jian min@4主编
801  2 @aCN@b江苏凤凰@c20191020
905    @b1219162-5@dG436@e178@f4
    
    幼儿教育课件制作/主编王建民.-杭州:浙江工商大学出版社,2016
    178页:图;26cm.-(全国学前教育专业 (新课程标准) 精品教材)
    
    
    ISBN 978-7-5178-1721-5:CNY30.00
    本书主要介绍PhotoShop CS5、Premiere Pro CS5、PowerPoint2003、Flash CS4等软件的操作使用方法。全书共分六章, 主要有多媒体课件制作基础知识 ; 图像处理软件Photoshop等内容。
●
相关链接 在E读中查询图书 在五车中查询图书 在当当中查询图书 在豆瓣中查询图书


正题名:幼儿教育课件制作     索取号:G436/178         预约/预借

序号 登录号 条形码 馆藏地/架位号 状态 备注
1 1219162   212191625   第一样本阅览室/ [索取号:G436/178] 在馆    
2 1219163   212191634   教育系资料室/ [索取号:G436/178] 在馆    
3 1219164   212191643   教育系资料室/ [索取号:G436/178] 在馆    
4 1219165   212191652   第四借阅区/ [索取号:G436/178] 在馆    
唐山师范学院图书馆 欢迎您!
大连网信软件有限公司© 版权所有